Most expensive football transfers - Born in 1982 - Statistics

General Stats
  • This quiz has been taken 19 times
  • The average score is 5 of 10
Answer Stats
Fee (M €) Season Nationality Left Joined Player % Correct
67,00 2009-2010 Brazil AC Milan Real Madrid Kakà
100%
38,00 2005-2006 Ghana Olympique Lyon Chelsea Michael Essien
80%
27,50 2009-2010 England Everton Manchester CIty Joleon Lescott
60%
20,50 2008-2009 Portugal FC Porto Chelsea Bosingwa
47%
16,40 2008-2009 England Portsmouth Tottenham Jermain Defoe
47%
23,40 2003-2004 Brazil AC Parma Inter Adriano
40%
14,50 2002-2003 Brazil Inter AC Parma Adriano
40%
25,00 2005-2006 Italy AC Parma AC Milan Alberto Gilardino
27%
31,00 2001-2002 Italy Bari AS Roma Antonio Cassano
27%
16,50 2007-2008 Nigeria Middlesbrough Everton Yakubu Aiyegbeni
13%
No matching quizzes found
Score Distribution
Percent of People with Each Score
Percentile by Number Answered
Your Score History
You have not taken this quiz